000 00822nas a2200265 4500
001 BR0300724
003 BR-BrBNA
005 20231205103556.0
007 ta
008 230509b bl.|||p| |||| 00| 00por d
040 _aBR-BrBNA
_bpor
_cBiblioteca Nacional de Agricultura
041 _a(Pt)
072 _aH10
100 1 _aSuji, E.R.
100 1 _aTigano, M.S.
100 1 _aSosa-Gomes, D.
245 1 _aSimulação do impacto do fungo Nomuraea riley em populações da lagarta da soja, Anticarsia gemmatalis
650 _aSOJA
650 _aLAGARTA
650 _aFUNGO ENTOMÓGENO
650 _aCONTROLE BIOLÓGICO
773 0 _tPesquisa Agropecuária Brasileira (Brazil)
_xISSN 0100-204X
_g(Nov 2002), v. 37(11) p. 1551-1558
_wBR0300724
909 _a202311
_bLúcia
_c55
_dLúcia Elande
942 _2AGRIS
_n0
_cANA
999 _c173603
_d173603